Tài liệu giáo dục công dân 12

Na minha lista:
Detalhes bibliográficos
Autor principal: Nguyễn Tiến Cường
Formato: Livro
Idioma:Undetermined
Publicado em: Hà Nội Giáo dục 2000
Assuntos:
Tags: Adicionar Tag
Sem tags, seja o primeiro a adicionar uma tag!
Thư viện lưu trữ: Trung tâm Học liệu Trường Đại học Cần Thơ
LEADER 00570nam a2200169Ia 4500
001 CTU_21975
008 210402s9999 xx 000 0 und d
082 |a 370.115 
082 |b T103/L12 
100 |a Nguyễn Tiến Cường 
245 0 |a Tài liệu giáo dục công dân 12 
245 0 |c Nguyễn Tiến Cường, Phùng Khắc Bình..., Trần Doanh 
260 |a Hà Nội 
260 |b Giáo dục 
260 |c 2000 
650 |a educational accountability,responsibility 
980 |a Trung tâm Học liệu Trường Đại học Cần Thơ